Higher Biology- DNA - Statistics

General Stats
  • This quiz has been taken 101 times
    100 since last reset
  • The average score is 11 of 30
Answer Stats
Hint Answer % Correct
Cytosine will only pair with: Guanine
79%
Adenine will only pair with: Thymine
78%
What is the name used to describe the shape of DNA? Double helix
74%
Component of a nucleotide starting with P Phosphate
74%
How many different nucleotides are there? 4
61%
name the 3 types of RNA: Messenger
60%
Where does transcription occur? nucleus
57%
What is thymine replaced with in RNA? uracil
56%
Component of a nucleotide starting with B Base
54%
What is a triplet of bases called on mRNA? codon
43%
What do the opposite bases attach with? Hydrogen bond
43%
What is the name given to the process that produces a molecule of mRNA? transcription
43%
ribosomal
42%
transfer
42%
What odes each codon code for amino acid
36%
What does PCR Stand for? Polymerase chain reaction
36%
Where does translation happen? cytoplasm
33%
What is the word used to describe the directions the strands of DNA run? Anti-parallel
32%
What is a non-coding region of the primary transcript called? intron
24%
How is DNA packaged in eukaryotes? Histones
22%
Component of a nucleotide starting with D Deoxyribose sugar
21%
What domain of life is yeast classed as? Eukaryotes
21%
What type of domain of life are plant cells? Eukaryotes
21%
What domain of life are animal cells classed as? Eukaryotes
21%
What is DNA replication described as being? Semi-conservative
19%
What domain of life are bacterial cells classed as? prokaryotes
17%
What process can be used with paternity testing? PCR
15%
What is the chain of deoxyribose sugars and phosphate molecules that provide support to DNA called? Sugar phosphate backbone
11%
What is mRNA classed as being once it is spliced? mature
10%
What determines the genetic code? Order of bases
4%
No matching quizzes found
Score Distribution
Percent of People with Each Score
Percentile by Number Answered
Your Score History
You have not taken this quiz since the last reset